Algebraic equations / (Record no. 187988)

MARC details
000 -LEADER
campo de control de longitud fija 00818nam a2200241 i 4500
001 - NÚMERO DE CONTROL
campo de control 187988
003 - IDENTIFICADOR DE NÚMERO DE CONTROL
campo de control ES-MaACL
005 - FECHA Y HORA DE LA ÚLTIMA TRANSACCIÓN
campo de control 20250903011206.0
007 - CAMPO FIJO DE DESCRIPCIÓN FÍSICA--INFORMACIÓN GENERAL
campo de control de longitud fija t|
008 - DATOS DE LONGITUD FIJA--INFORMACIÓN GENERAL
campo de control de longitud fija 180406s1930 xxk ||||1| eng d
100 0# - ENTRADA PRINCIPAL--NOMBRE DE PERSONA
Nombre de persona Mathews, G. B.
9 (RLIN) 79032
245 10 - MENCIÓN DEL TÍTULO
Título Algebraic equations /
Mención de responsabilidad, etc. by G. B. Matthews ; revised by W. E. H. Berwick.
260 ## - PUBLICACIÓN, DISTRIBUCIÓN, ETC.
Lugar de publicación, distribución, etc. London :
Nombre del editor, distribuidor, etc. Cambridge University Press, 1930.
300 ## - DESCRIPCIÓN FÍSICA
Extensión 69 p. ;
Dimensiones 22 cm.
490 1# - MENCIÓN DE SERIE
Mención de serie Cambridge tracts in mathematics and mathematical physics ;
Designación de volumen o secuencia 6
650 07 - PUNTO DE ACCESO ADICIONAL DE MATERIA--TÉRMINO DE MATERIA
Término de materia o nombre geográfico como elemento de entrada Matemáticas
Fuente del encabezamiento o término embne
9 (RLIN) 14814
650 #4 - PUNTO DE ACCESO ADICIONAL DE MATERIA--TÉRMINO DE MATERIA
Término de materia o nombre geográfico como elemento de entrada Ecuaciones.
9 (RLIN) 135950
650 ## - PUNTO DE ACCESO ADICIONAL DE MATERIA--TÉRMINO DE MATERIA
Término de materia o nombre geográfico como elemento de entrada Teoría de Galois.
9 (RLIN) 174865
700 0# - ENTRADA AGREGADA--NOMBRE PERSONAL
Nombre de persona Berwick, W. E. H.
9 (RLIN) 28549
830 0# - PUNTO DE ACCESO ADICIONAL DE SERIE-TÍTULO UNIFORME
Título uniforme Cambridge tracts in mathematics and mathematical physics ;
Designación de volumen o secuencia 6
9 (RLIN) 192958
852 ## - LOCALIZACIÓN
Ubicación ES-MaACL
Número de control de estantería C-8150
Holdings
Estatus retirado Estado de pérdida Estado de daño No para préstamo Biblioteca de origen Biblioteca actual Ubicación en estantería Fecha de adquisición Fuente de adquisición Total de préstamos Signatura topográfica completa Código de barras Visto por última vez Precio de reemplazo Tipo de ítem Koha
        Biblioteca del Ateneo de Madrid Biblioteca del Ateneo de Madrid Sala Palomar 06/04/2018     C-8150 1198641 23/02/2023 23/02/2023 Libro impreso